[Event "Asia-ch U20 Girls"]
[Site "Waskaduwa"]
[Date "2025.06.30"]
[Round "5"]
[White "Sneha, Halder"]
[Black "Gunawardhana, Devindya Oshini"]
[Result "1-0"]
[WhiteElo "2088"]
[BlackElo "2121"]
[PlyCount "143"]
[EventDate "2025.06.27"]
[EventType "swiss"]
[EventRounds "9"]
[EventCountry "SRI"]
[SourceTitle "CB28_2025"]
[SourceDate "2025.07.09"]
[SourceVersion "1"]
[SourceVersionDate "2025.07.09"]
[SourceQuality "1"]

1. Nc3 Nf6 2. e4 e5 3. Nf3 Nc6 4. d4 Bb4 5. d5 Nb8 6. Bd3 Bxc3+ 7. bxc3 d6 8. h3 h6 9. 0-0 0-0 10. Be3 c6 11. c4 b5 12. Nd2 bxc4 13. Bxc4 Bb7 14. Rb1 Qc7 15. f4 exf4 16. Bxf4 Nbd7 17. Rb3 cxd5 18. exd5 Bxd5 19. Bxd5 Qc5+ 20. Kh1 Qxd5 21. Rd3 Qh5 22. Qxh5 Nxh5 23. Bxd6 Rfe8 24. c4 Rac8 25. Rf5 Nhf6 26. Ra5 Re1+ 27. Kh2 Rd1 28. Rxa7 Nb6 29. Rc7 Re8 30. Re7 Ra8 31. c5 Nbd5 32. Re2 Rxa2 33. Nc4 Rxe2 34. Rxd1 Rc2 35. Rd4 Nb4 36. Ne5 Nfd5 37. c6 f6 38. Nf3 Rxc6 39. Bxb4 Nxb4 40. Rxb4 Rc7 41. g4 h5 42. gxh5 Kh7 43. Rb5 Kh6 44. Kg3 Rc4 45. Rd5 Re4 46. Rd7 Ra4 47. Nh2 f5 48. Nf3 Rc4 49. Nd4 Kxh5 50. Nxf5 Rc3+ 51. Kg2 Rc2+ 52. Kf3 Rc3+ 53. Ne3 Kg6 54. Kf4 Ra3 55. Rd6+ Kh5 56. Rd8 Ra4+ 57. Kg3 Ra3 58. Rd5+ Kh6 59. Re5 Rb3 60. Kf4 Rb4+ 61. Re4 g5+ 62. Kf3 Rb3 63. Kg4 Rb6 64. Nf5+ Kg6 65. Rd4 Rb3 66. Rd6+ Kf7 67. Rh6 Rb1 68. Kxg5 Rg1+ 69. Kf4 Rf1+ 70. Kg4 Rg1+ 71. Ng3 Ra1 72. h4 1-0

[Event "Asia-ch U20 Girls"]
[Site "Waskaduwa"]
[Date "2025.06.29"]
[Round "4"]
[White "Gunawardhana, Devindya Oshini"]
[Black "Orazalina, Nursulu"]
[Result "1-0"]
[WhiteElo "2121"]
[BlackElo "1932"]
[PlyCount "101"]
[EventDate "2025.06.27"]
[EventType "swiss"]
[EventRounds "9"]
[EventCountry "SRI"]
[SourceTitle "CB28_2025"]
[SourceDate "2025.07.09"]
[SourceVersion "1"]
[SourceVersionDate "2025.07.09"]
[SourceQuality "1"]

1. e4 c5 2. Nf3 Nc6 3. Bb5 e5 4. 0-0 Bd6 5. c3 a6 6. Ba4 b5 7. Bb3 c4 8. Bc2 Nge7 9. d3 cxd3 10. Qxd3 Bc7 11. a4 b4 12. Bb3 0-0 13. Rd1 d6 14. Nbd2 Rb8 15. Ba2 a5 16. Bc4 Ng6 17. Nf1 Be6 18. Ng3 Nf4 19. Qf1 Bg4 20. Be2 Nxe2+ 21. Qxe2 Qf6 22. Qc4 Bd7 23. Nf5 Rfc8 24. Ne3 Ne7 25. Qe2 Be6 26. c4 Ng6 27. g3 Bb6 28. Nd5 Bxd5 29. Rxd5 Bc5 30. b3 Ne7 31. Bg5 Qe6 32. Bxe7 Qxe7 33. Rad1 Rf8 34. Ne1 Ra8 35. Nd3 Bd4 36. Kg2 Ra7 37. f4 f5 38. exf5 Rxf5 39. Qe4 g6 40. Re1 Bc3 41. Re2 Qf6 42. c5 exf4 43. Nxf4 Re5 44. Rxe5 Qxe5 45. Qc4+ d5 46. Nxd5 Qd4 47. Ne7+ Kg7 48. Qxd4+ Bxd4 49. Nc6 Rd7 50. Rd2 Rd5 51. Nxd4 1-0

[Event "Western Asia-ch U20 Girls"]
[Site "Waskaduwa"]
[Date "2025.06.08"]
[Round "7"]
[White "Shohradova, Lala"]
[Black "Gunawardhana, Devindya Oshini"]
[Result "1-0"]
[WhiteElo "2135"]
[BlackElo "2121"]
[PlyCount "63"]
[EventDate "2025.06.05"]
[EventType "swiss"]
[EventRounds "9"]
[EventCountry "SRI"]
[SourceTitle "CB27_2025"]
[SourceDate "2025.07.02"]
[SourceVersion "1"]
[SourceVersionDate "2025.07.02"]
[SourceQuality "1"]

1. d4 d5 2. c4 e6 3. Nc3 Nf6 4. Bg5 Be7 5. e3 h6 6. Bf4 0-0 7. Nf3 c5 8. dxc5 Bxc5 9. a3 Nc6 10. Be2 dxc4 11. Bxc4 Nh5 12. Bg3 Nxg3 13. hxg3 a6 14. Qc2 Be7 15. g4 b5 16. Ba2 Bd7 17. Rd1 Rc8 18. g5 Bxg5 19. Rxd7 Qxd7 20. Nxg5 Rfd8 21. Bxe6 fxe6 22. Qh7+ Kf8 23. Qh8+ Ke7 24. Qxg7+ Kd6 25. Nf7+ Kc5 26. Nxd8 Qxd8 27. Qb7 Rc7 28. Qxa6 Qd3 29. Rh5+ e5 30. Rxh6 Qc4 31. b4+ Nxb4 32. Qd6# 1-0

[Event "Western Asia-ch U20 Girls"]
[Site "Waskaduwa"]
[Date "2025.06.05"]
[Round "1"]
[White "Jayasinghe, JM Senudhi Ahasya"]
[Black "Gunawardhana, Devindya Oshini"]
[Result "0-1"]
[WhiteElo "1663"]
[BlackElo "2121"]
[PlyCount "94"]
[EventDate "2025.06.05"]
[EventType "swiss"]
[EventRounds "9"]
[EventCountry "SRI"]
[SourceTitle "CB27_2025"]
[SourceDate "2025.07.02"]
[SourceVersion "1"]
[SourceVersionDate "2025.07.02"]
[SourceQuality "1"]

1. d4 d5 2. c4 e6 3. Nc3 Nf6 4. Bg5 c6 5. e3 Be7 6. cxd5 exd5 7. Bd3 h6 8. Bxf6 Bxf6 9. h3 0-0 10. Nf3 Re8 11. 0-0 Nd7 12. Rc1 Nf8 13. Qc2 Ne6 14. Rfe1 b6 15. a4 Bb7 16. Red1 Qe7 17. Qb3 Red8 18. Bb1 Rab8 19. Qc2 g6 20. Ba2 Ng5 21. Nxg5 Bxg5 22. Bb3 Kg7 23. Qd3 Bc8 24. Qd2 Rd6 25. Na2 Re6 26. Re1 a5 27. Nc3 Bd7 28. Nb1 Re8 29. Qd3 Rf6 30. Nd2 Bf5 31. Qe2 Bf4 32. Nf3 Bb8 33. Nd2 Qd6 34. Nf3 Qd7 35. Nd2 Bxh3 36. gxh3 Qxh3 37. f3 Rf5 38. f4 Bxf4 39. Nf3 Bxe3+ 40. Qxe3 Rxe3 41. Rxe3 Qg3+ 42. Kf1 Rxf3+ 43. Rxf3 Qxf3+ 44. Ke1 Qxb3 45. Rxc6 Qxa4 46. Rxb6 Qxd4 47. Rb5 Qe3+ 0-1

[Event "Asia-ch (Women) Blitz"]
[Site "Al Ain"]
[Date "2025.05.10"]
[Round "2"]
[White "Gunawardhana, Devindya Oshini"]
[Black "Nandinjiguur, Chinzorig"]
[Result "1-0"]
[WhiteElo "2068"]
[BlackElo "1803"]
[PlyCount "47"]
[EventDate "2025.05.10"]
[EventType "swiss (blitz)"]
[EventRounds "9"]
[EventCountry "UAE"]
[SourceTitle "CB20_2025"]
[SourceDate "2025.05.14"]
[SourceVersion "1"]
[SourceVersionDate "2025.05.14"]
[SourceQuality "1"]

1. e4 e5 2. Nf3 Nc6 3. Bb5 a6 4. Ba4 Nf6 5. d3 b5 6. Bb3 Bc5 7. Nc3 h6 8. Nd5 d6 9. c3 0-0 10. Nxf6+ Qxf6 11. Bd5 Bd7 12. Rg1 Rab8 13. g4 Kh8 14. g5 Qe7 15. gxh6 gxh6 16. Bxh6 Rg8 17. Bg5 Qf8 18. Bf6+ Kh7 19. Ng5+ Kh6 20. Qf3 Rg6 21. Bxf7 Ne7 22. Qg3 Rxf6 23. Qh4+ Kg7 24. Qh7# 1-0

[Event "Asia-ch U18 Girls"]
[Site "Tagaytay City"]
[Date "2024.10.18"]
[Round "8"]
[White "Gunawardhana, Devindya Oshini"]
[Black "Rindhiya, V."]
[Result "1/2-1/2"]
[WhiteElo "2069"]
[BlackElo "2005"]
[PlyCount "84"]
[EventDate "2024.10.13"]
[EventType "swiss"]
[EventRounds "9"]
[EventCountry "PHI"]
[SourceTitle "CB43_2024"]
[Source "Chessbase"]
[SourceDate "2024.10.23"]
[SourceVersion "1"]
[SourceVersionDate "2024.10.23"]
[SourceQuality "1"]

1. e4 e5 2. Nf3 Nc6 3. Bb5 a6 4. Ba4 Nf6 5. 0-0 Be7 6. Re1 b5 7. Bb3 d6 8. a4 Bb7 9. d3 Na5 10. Ba2 c5 11. Nbd2 b4 12. Nf1 Bc8 13. c3 Be6 14. Bxe6 fxe6 15. cxb4 cxb4 16. Bd2 Rb8 17. d4 exd4 18. Nxd4 Qd7 19. Qe2 e5 20. Nf5 g6 21. Nxe7 Qxe7 22. Qxa6 Nb3 23. Rad1 Nc5 24. Qc4 Qf7 25. Qxf7+ Kxf7 26. Bc1 Rhd8 27. Nd2 Nxa4 28. f4 Rbc8 29. Nf3 exf4 30. Rd4 Nc5 31. Bxf4 Kg7 32. Bxd6 Ncxe4 33. Bxb4 Rxd4 34. Nxd4 Rc4 35. Bc3 Nxc3 36. bxc3 Rxc3 37. h3 Rd3 38. Ne6+ Kg8 39. Kf2 Rd7 40. Ng5 Nd5 41. Rd1 Nf6 42. Rxd7 Nxd7 1/2-1/2

[Event "Asia-ch U18 Girls"]
[Site "Tagaytay City"]
[Date "2024.10.17"]
[Round "7"]
[White "Sapuan, Arleah Cassandra"]
[Black "Gunawardhana, Devindya Oshini"]
[Result "1/2-1/2"]
[WhiteElo "1587"]
[BlackElo "2069"]
[PlyCount "138"]
[EventDate "2024.10.13"]
[EventType "swiss"]
[EventRounds "9"]
[EventCountry "PHI"]
[SourceTitle "CB43_2024"]
[Source "Chessbase"]
[SourceDate "2024.10.23"]
[SourceVersion "1"]
[SourceVersionDate "2024.10.23"]
[SourceQuality "1"]

1. e4 e5 2. Nf3 Nc6 3. Bc4 Nf6 4. Ng5 d5 5. exd5 Na5 6. Bb5+ c6 7. dxc6 bxc6 8. Bd3 h6 9. Ne4 Nd5 10. 0-0 Be7 11. Be2 0-0 12. d3 f5 13. Nec3 Be6 14. b3 Bd6 15. Bf3 Rb8 16. Bb2 Qc7 17. g3 Nf6 18. Nd2 Rbd8 19. Qe2 Rde8 20. Rfe1 Nb7 21. Rad1 Nd8 22. Qf1 Nf7 23. Bg2 Ng5 24. Nf3 Nxf3+ 25. Bxf3 Nh7 26. Bg2 Ng5 27. d4 exd4 28. Ne2 c5 29. Bc1 Ne4 30. Nf4 Bf7 31. a4 Re7 32. f3 Nc3 33. Rxe7 Bxe7 34. Re1 Bd6 35. Ne6 Bxe6 36. Rxe6 f4 37. Qc4 Kh8 38. g4 Qd7 39. Bd2 Re8 40. Rxe8+ Qxe8 41. Bxc3 Qe3+ 42. Kf1 dxc3 43. Qe4 Qc1+ 44. Kf2 Qd2+ 45. Kf1 Bf8 46. Qe2 Qc1+ 47. Kf2 c4 48. b4 Qb2 49. Bf1 Qxb4 50. Qxc4 Qb6+ 51. Kg2 Qf6 52. Qe4 g6 53. Bc4 Kg7 54. Qe6 Qxe6 55. Bxe6 Kf6 56. Bb3 Ke5 57. Kf2 Bc5+ 58. Ke2 Kd4 59. Bf7 g5 60. Be6 Bd6 61. h3 Bc7 62. Bf7 Be5 63. Be6 a5 64. Bf7 Bf6 65. Be6 Be5 66. Bf7 Bf6 67. Be6 Be5 68. Bf7 Bf6 69. Be6 Be5 1/2-1/2

[Event "Olympiad Women-45"]
[Site "Budapest"]
[Date "2024.09.22"]
[Round "11.4"]
[White "Gunawardhana, Devindya Oshini"]
[Black "Eftovska, Lea"]
[Result "1-0"]
[WhiteElo "1956"]
[BlackElo "1839"]
[PlyCount "73"]
[EventDate "2024.09.11"]
[EventType "team-swiss"]
[EventRounds "11"]
[EventCountry "HUN"]
[SourceTitle "EXT 2025"]
[Source "ChessBase"]
[SourceDate "2024.10.14"]
[SourceVersion "1"]
[SourceVersionDate "2024.10.14"]
[SourceQuality "1"]
[WhiteTeam "Sri Lanka (W)"]
[BlackTeam "North Macedonia (W)"]
[WhiteTeamCountry "SRI"]
[BlackTeamCountry "MKD"]

1. e4 e5 2. Nf3 Nc6 3. Bb5 a6 4. Ba4 Nf6 5. d3 b5 6. Bb3 Bc5 7. Nc3 h6 8. Nd5 d6 9. c3 0-0 10. Nxf6+ Qxf6 11. Bd5 Bd7 12. Rg1 Rab8 13. g4 Qd8 14. g5 g6 15. gxh6 Kh8 16. Bg5 f6 17. Bd2 Ne7 18. Bb3 Kh7 19. Qe2 Bb6 20. 0-0-0 c5 21. Rg3 Be8 22. h4 d5 23. h5 Rg8 24. hxg6+ Rxg6 25. Rdg1 Rxg3 26. Rxg3 Bg6 27. exd5 Qd6 28. Nh4 Rg8 29. Nxg6 Rxg6 30. Rxg6 Nxg6 31. Qg4 Bd8 32. Qf5 Be7 33. d4 Qd8 34. Bc2 Qg8 35. dxe5 fxe5 36. d6 Bd8 37. Qd7+ 1-0

[Event "Olympiad Women-45"]
[Site "Budapest"]
[Date "2024.09.16"]
[Round "6.32"]
[White "Allam, Yara"]
[Black "Gunawardhana, Devindya Oshini"]
[Result "0-1"]
[WhiteElo "1920"]
[BlackElo "1956"]
[PlyCount "54"]
[EventDate "2024.09.11"]
[EventType "team-swiss"]
[EventRounds "11"]
[EventCountry "HUN"]
[SourceTitle "EXT 2025"]
[Source "ChessBase"]
[SourceDate "2024.10.14"]
[SourceVersion "1"]
[SourceVersionDate "2024.10.14"]
[SourceQuality "1"]
[WhiteTeam "Egypt (W)"]
[BlackTeam "Sri Lanka (W)"]
[WhiteTeamCountry "EGY"]
[BlackTeamCountry "SRI"]

1. e4 e5 2. Nf3 Nc6 3. Bc4 Nf6 4. d3 Bc5 5. c3 d6 6. Nbd2 a6 7. Bb3 h6 8. h3 Ba7 9. Nf1 0-0 10. Ng3 Be6 11. Bxe6 fxe6 12. d4 exd4 13. cxd4 d5 14. exd5 Qxd5 15. Ne2 Rad8 16. 0-0 e5 17. Qc2 exd4 18. Nf4 Qf7 19. Nd3 Nd5 20. a3 Qg6 21. Qd1 Ne3 22. Bxe3 dxe3 23. Qb3+ Kh7 24. Nde5 Nxe5 25. Nxe5 exf2+ 26. Kh1 Qe4 27. Ng4 Rd3 0-1

[Event "SRI-ch Dini"]
[Site "Colombo"]
[Date "2024.07.31"]
[Round "4"]
[White "Atulugamage, Saniru Lohan"]
[Black "Gunawardhana, Devindya Oshini"]
[Result "1/2-1/2"]
[WhiteElo "1694"]
[BlackElo "2000"]
[PlyCount "90"]
[EventDate "2024.07.29"]
[EventType "swiss"]
[EventRounds "10"]
[EventCountry "SRI"]
[SourceTitle "CBM 221 Extra"]
[Source "ChessBase"]
[SourceDate "2024.09.30"]
[SourceVersion "1"]
[SourceVersionDate "2024.09.30"]
[SourceQuality "1"]

1. d4 Nf6 2. Nf3 e6 3. e3 d5 4. Bd3 c5 5. b3 Nc6 6. 0-0 Bd6 7. Bb2 0-0 8. a3 b6 9. Nbd2 Bb7 10. Ne5 Rc8 11. f4 Ne7 12. g4 Ne4 13. Nxe4 dxe4 14. Be2 Nd5 15. Qc1 cxd4 16. exd4 f6 17. Nc4 Bb8 18. f5 b5 19. Ne3 Bf4 20. Rxf4 Nxf4 21. Bxb5 exf5 22. gxf5 Nd3 23. Qb1 Nxb2 24. Qxb2 Kh8 25. Bc4 Qa5 26. Rd1 Rcd8 27. Be6 Qc7 28. d5 g6 29. fxg6 hxg6 30. Qd4 Qf4 31. Ng2 Qh6 32. Qxe4 Kg7 33. Qb4 Bc8 34. Nf4 Bxe6 35. Nxe6+ Kg8 36. Nxd8 Qe3+ 37. Kf1 Qf3+ 38. Ke1 Re8+ 39. Ne6 Qh1+ 40. Ke2 Qxh2+ 41. Ke1 Qg1+ 42. Ke2 Qg2+ 43. Ke3 Qg3+ 44. Ke2 Qg2+ 45. Ke1 Qg1+ 1/2-1/2

[Event "GEO World Cup-B U12 Girls"]
[Site "Batumi"]
[Date "2024.06.29"]
[Round "7"]
[White "Bassari, Senem Gul"]
[Black "Gunawardhana, Devindya Oshini"]
[Result "0-1"]
[WhiteElo "1768"]
[BlackElo "1980"]
[PlyCount "118"]
[EventDate "2024.06.23"]
[EventType "swiss"]
[EventRounds "7"]
[EventCountry "GEO"]
[SourceTitle "EXT 2025"]
[Source "ChessBase"]
[SourceDate "2024.10.14"]
[SourceVersion "1"]
[SourceVersionDate "2024.10.14"]
[SourceQuality "1"]

1. e4 e5 2. Nf3 Nc6 3. Bb5 a6 4. Ba4 g6 5. 0-0 Bg7 6. c3 Nge7 7. d4 exd4 8. cxd4 b5 9. Bc2 d5 10. e5 Bg4 11. Be3 f6 12. exf6 Bxf6 13. h3 Bf5 14. Nbd2 0-0 15. Nb3 Qc8 16. Kh2 Nd8 17. Nc5 Ne6 18. Nd3 Be4 19. Nde5 Nf5 20. Rc1 Qe8 21. Ng4 Bg7 22. Nge5 Nexd4 23. Bxd4 Nxd4 24. Qxd4 Bxf3 25. Rfe1 Be4 26. f4 c5 27. Qc3 Rxf4 28. Bxe4 Rxe4 29. Rxe4 dxe4 30. Qb3+ c4 31. Nxc4 bxc4 32. Qxc4+ Kh8 33. Re1 Qe5+ 34. Kh1 Re8 35. Qxa6 Qxb2 36. a4 e3 37. Qc6 Rf8 38. Qe4 Qd4 39. Qe7 Qxa4 40. Qxe3 Qc4 41. Re2 Bd4 42. Qe4 Rf1+ 43. Kh2 Bg1+ 44. Kg3 Qxe4 45. Rxe4 Kg7 46. Kg4 Bc5 47. h4 h5+ 48. Kh3 Bd6 49. g3 Rf3 50. Re6 Rxg3+ 51. Kh2 Rd3+ 52. Kg2 Kf7 53. Re2 Rd4 54. Kh3 Be7 55. Kg2 Rxh4 56. Rf2+ Bf6 57. Kg3 Ra4 58. Rc2 g5 59. Rc7+ Kg6 0-1

[Event "GEO World Cup-B U12 Girls"]
[Site "Batumi"]
[Date "2024.06.26"]
[Round "4"]
[White "Gunawardhana, Devindya Oshini"]
[Black "Amanzhol, Khanzada"]
[Result "1-0"]
[WhiteElo "1980"]
[BlackElo "1685"]
[PlyCount "111"]
[EventDate "2024.06.23"]
[EventType "swiss"]
[EventRounds "7"]
[EventCountry "GEO"]
[SourceTitle "EXT 2025"]
[Source "ChessBase"]
[SourceDate "2024.10.14"]
[SourceVersion "1"]
[SourceVersionDate "2024.10.14"]
[SourceQuality "1"]

1. e4 c5 2. Nc3 Nc6 3. Bb5 g6 4. Bxc6 dxc6 5. d3 Bg7 6. Be3 b6 7. Qd2 e5 8. Nge2 Nf6 9. Bh6 0-0 10. Bxg7 Kxg7 11. 0-0-0 Qe7 12. f3 Rd8 13. Qe3 b5 14. g4 h5 15. h3 Rh8 16. Rdf1 a5 17. g5 Nh7 18. h4 Rf8 19. f4 Bd7 20. f5 Kh8 21. Ng3 a4 22. Qf3 Rg8 23. Rhg1 Raf8 24. Nd1 f6 25. fxg6 Bg4 26. Nf5 Qd7 27. Qe3 Rxg6 28. Qxc5 Qe6 29. Nde3 fxg5 30. Nxg4 hxg4 31. h5 Rgf6 32. a3 Qe8 33. h6 Qe6 34. Re1 Qe8 35. Rxg4 Qe6 36. Rg3 Qe8 37. Rge3 g4 38. d4 exd4 39. Qxd4 Qe6 40. Kb1 Kg8 41. Rg1 Rg6 42. Reg3 Nf6 43. Ne3 Kh7 44. e5 Nd5 45. Nxg4 Rf4 46. Qa7+ Rf7 47. Qc5 Qf5 48. Nf6+ Rgxf6 49. exf6 Rxf6 50. Qa7+ Rf7 51. Rg7+ Kxh6 52. Qxf7 Qxf7 53. Rxf7 Ne3 54. Rf3 Nf5 55. Rh3+ Nh4 56. Rxh4# 1-0

[Event "GEO World Cup-B U12 Girls"]
[Site "Batumi"]
[Date "2024.06.24"]
[Round "2"]
[White "Gunawardhana, Devindya Oshini"]
[Black "Gao, Lilianna"]
[Result "1-0"]
[WhiteElo "1980"]
[BlackElo "1646"]
[PlyCount "99"]
[EventDate "2024.06.23"]
[EventType "swiss"]
[EventRounds "7"]
[EventCountry "GEO"]
[SourceTitle "EXT 2025"]
[Source "ChessBase"]
[SourceDate "2024.10.14"]
[SourceVersion "1"]
[SourceVersionDate "2024.10.14"]
[SourceQuality "1"]

1. e4 c5 2. Nf3 Nc6 3. Bb5 g6 4. 0-0 Bg7 5. d3 e5 6. Be3 b6 7. c3 Nge7 8. d4 cxd4 9. cxd4 exd4 10. Nxd4 Bb7 11. Nc3 a6 12. Be2 Qc7 13. Rc1 Qb8 14. Na4 Nc8 15. Bg4 Qd6 16. Nf3 Qxd1 17. Rfxd1 d6 18. Bxc8 Rxc8 19. Nxb6 Rd8 20. Nd5 0-0 21. b3 Rfe8 22. Nd2 Nd4 23. Bxd4 Bxd4 24. Rc4 Bg7 25. f3 Bxd5 26. exd5 Re2 27. Re4 Re8 28. Rxe8+ Rxe8 29. Ne4 Be5 30. f4 Bg7 31. Nxd6 Re2 32. Nc4 Re4 33. g3 Bd4+ 34. Kf1 Bc5 35. d6 Re8 36. d7 Rd8 37. Ne5 Kf8 38. Nc6 Bb6 39. Nxd8 Bxd8 40. Re1 Be7 41. b4 h6 42. a4 h5 43. b5 axb5 44. axb5 f6 45. b6 Kf7 46. b7 Bd8 47. b8Q Ba5 48. Qe8+ Kg7 49. Re7+ Kh6 50. Qh8# 1-0

[Event "Wch U20 Girls 40th"]
[Site "Gandhinagar"]
[Date "2024.06.10"]
[Round "8"]
[White "Kashthuri Bhai, R."]
[Black "Gunawardhana, Devindya Oshini"]
[Result "0-1"]
[WhiteElo "1765"]
[BlackElo "1980"]
[PlyCount "118"]
[EventDate "2024.06.02"]
[EventType "swiss"]
[EventRounds "11"]
[EventCountry "IND"]
[SourceTitle "CBM 220 Extra"]
[Source "ChessBase"]
[SourceDate "2024.07.31"]
[SourceVersion "1"]
[SourceVersionDate "2024.07.31"]
[SourceQuality "1"]

1. e4 e5 2. Nf3 Nc6 3. Bc4 Nf6 4. d3 Bc5 5. c3 d6 6. b4 Bb6 7. Qb3 0-0 8. Bg5 h6 9. Bh4 g5 10. Bg3 Bd7 11. Nbd2 a5 12. b5 a4 13. Qd1 Ne7 14. h3 Ng6 15. h4 g4 16. h5 Nf4 17. Nh4 N4xh5 18. Nf1 c6 19. bxc6 bxc6 20. Qd2 Kg7 21. Ne3 Bxe3 22. Qxe3 Rh8 23. a3 Qa5 24. 0-0 Qxc3 25. Rfc1 Qa5 26. d4 exd4 27. Qxd4 Nxg3 28. fxg3 Qa7 29. Rd1 Rhe8 30. Qxa7 Rxa7 31. Rxd6 Nxe4 32. Rd3 Be6 33. Bxe6 Rxe6 34. Rd4 h5 35. Nf5+ Kg6 36. Rf1 Nc3 37. Rc4 Nd5 38. Rc5 Rc7 39. Nd4 Rd6 40. Rfc1 f6 41. Nxc6 Rcd7 42. Re1 Kh6 43. Nd4 Ne3 44. Nb5 Rd3 45. Nc3 R7d4 46. Kf2 Rxc3 47. Rxc3 Nd1+ 48. Rxd1 Rxd1 49. Rc4 Rd2+ 50. Kg1 Rd3 51. Rxa4 Rxg3 52. Ra5 Kg6 53. Ra8 Kg5 54. Kf2 h4 55. a4 Ra3 56. Rg8+ Kf4 57. Rh8 Ra2+ 58. Kf1 Kg3 59. Rg8 Rxa4 0-1

[Event "Wch U20 Girls 40th"]
[Site "Gandhinagar"]
[Date "2024.06.04"]
[Round "3"]
[White "Gunawardhana, Devindya Oshini"]
[Black "Kirthika, B."]
[Result "1-0"]
[WhiteElo "1980"]
[BlackElo "1724"]
[PlyCount "64"]
[EventDate "2024.06.02"]
[EventType "swiss"]
[EventRounds "11"]
[EventCountry "IND"]
[SourceTitle "CBM 220 Extra"]
[Source "ChessBase"]
[SourceDate "2024.07.31"]
[SourceVersion "1"]
[SourceVersionDate "2024.07.31"]
[SourceQuality "1"]

1. e4 c5 2. Nf3 d6 3. d4 cxd4 4. Nxd4 Nf6 5. Nc3 a6 6. Bc4 e6 7. a4 Be7 8. 0-0 Nc6 9. Be3 Qc7 10. Qe2 0-0 11. Kh1 Nxe4 12. Nxe4 d5 13. Bxd5 exd5 14. Nc3 Be6 15. f4 Bf6 16. Qf2 Ne7 17. Rae1 Qc4 18. Nxe6 fxe6 19. Bc5 Rf7 20. Bxe7 Rxe7 21. Nd1 Qxa4 22. Ne3 Qe8 23. c3 Rd8 24. Ng4 Qg6 25. Qf3 Rf8 26. Ne3 d4 27. cxd4 Bxd4 28. Nc4 Ref7 29. g3 b5 30. Nd6 Rd7 31. Qc6 Re7 32. Qxa6 Qh5 1-0

[Event "Wch U20 Girls 40th"]
[Site "Gandhinagar"]
[Date "2024.06.02"]
[Round "1"]
[White "Gunawardhana, Devindya Oshini"]
[Black "Natura, Bethi"]
[Result "1/2-1/2"]
[WhiteElo "1980"]
[BlackElo "1697"]
[PlyCount "114"]
[EventDate "2024.06.02"]
[EventType "swiss"]
[EventRounds "11"]
[EventCountry "IND"]
[SourceTitle "CBM 220 Extra"]
[Source "ChessBase"]
[SourceDate "2024.07.31"]
[SourceVersion "1"]
[SourceVersionDate "2024.07.31"]
[SourceQuality "1"]

1. e4 e6 2. d4 d5 3. Nc3 Nf6 4. Bg5 dxe4 5. Nxe4 Nbd7 6. Nf3 h6 7. Nxf6+ Nxf6 8. Bxf6 Qxf6 9. Bd3 Bd6 10. Qe2 Bd7 11. Be4 c5 12. Rd1 Rb8 13. 0-0 Qe7 14. dxc5 Bxc5 15. Ne5 Bd6 16. Nxd7 Qxd7 17. Bd3 0-0 18. Qe4 f5 19. Qc4 Rbc8 20. Qb3 Kh8 21. h3 Rf6 22. Bb5 Qc7 23. Qd3 Rd8 24. Kh1 Qb6 25. Qb3 Bb8 26. Qc4 a6 27. Ba4 Kh7 28. Rxd8 Qxd8 29. Bb3 Qd6 30. f4 Rg6 31. Qe2 Qc6 32. c3 b5 33. Qd2 Qe4 34. Rf3 Qb1+ 35. Kh2 Ba7 36. Bd1 Qxa2 37. Rd3 Qc4 38. Bh5 Rf6 39. Rd7 Qc5 40. Qd4 Qxd4 41. cxd4 Bb6 42. Kg3 a5 43. Kf2 a4 44. Ke3 b4 45. Bd1 a3 46. bxa3 bxa3 47. Bb3 Rg6 48. Kf3 h5 49. Rd6 Ba7 50. Bxe6 Rf6 51. d5 Bc5 52. Ra6 h4 53. g3 hxg3 54. Kxg3 Rg6+ 55. Kf3 Rf6 56. Ke2 Kh6 57. Kd3 Kh5 1/2-1/2